000 01411nab a22002177a 4500
999 _c6263
_d6263
003 OSt
005 20260128014313.0
008 190514b xxu||||| |||| 00| 0 spa d
040 _cPJ
100 _94388
_aPalacios, Agustina
245 1 0 _aUna lectura de la ley 27.610 y su interacción con el Código Civil y Comercial de la Nación a 10 años de su vigencia :
_bavances y desafíos en materia de capacidad jurídica, a la luz de la Convención Internacional sobre los Derechos de las Personas con Discapacidad /
_cAgustina Palacios.
300 _ap. 142-157
500 _aCita: TR LALEY AR/DOC/2510/2025.
505 _aSumario: I. A modo de introducción.— II. Un repaso al contexto nacional.— III. Recomendaciones del Comité Internacional sobre los Derechos de las Personas con Discapacidad.— IV. La Nota Técnica Nro. 11 de la Dirección de Salud Sexual y Reproductiva (Ministerio de Salud).— V. Una ¿relectura? de la IVE a la luz de los estándares del derecho internacional de los derechos humanos.— VI. A modo de breves conclusiones.
505 _tSi te interesa el texto, comunicate a koha@justierradelfuego.gov.ar
650 0 _9967
_aDERECHO DE FAMILIA
650 0 _91497
_aCODIGO CIVIL Y COMERCIAL
650 0 _93271
_aPERSONAS CON DISCAPACIDAD
773 0 _02844
_93222
_dBuenos Aires : AbeledoPerrot, 1989-
_tDerecho de familia. N° 122 - Noviembre 2025
_z18511201
942 _2udc
_cANA